000 00768nam a2200229Ia 4500
008 220204s9999 xx 000 0 und d
082 _a574.2(06)
_bPRO
100 _aVinod, TR
245 0 _aProceedings of Kerala Science Congress 2015: National Workshop on Climate Change and Sustainable Development,Kottayam, 6-8 May 2015, Centre for Environment and Development, Thiruvananthapuram
260 _aThiruvananthapuram
_bCentre for Environment and Development
_c2015
300 _a213p.
650 _aBiodiversity
650 _aClimate change impact
650 _aEcosystems
650 _aExtreme weather
650 _aExtreme weather events
650 _aIndia
650 _aNR landscape
650 _aNR productivity
650 _aPolitics
942 _cBK
999 _c44904
_d44904